000 00465nam a2200169Ia 4500
005 20250508162226.0
008 008 250505s9999 xx 000 0 eng d
037 _aTextual
040 _aFEDL
_beng
_cFEDL
041 _aeng
_2eng
084 _a910, ROS
_qFEDL
100 _aRosen Seymour
245 0 _aEarth science workshop 2 : Understanding the atmosphere and oceans
300 _a186p.
942 _cTEXL
_h910, ROS
999 _c1375212
_d1375212